Przyporządkuj polskie miasto do krainy historycznej - Statystyki

Ogólne statystyki
  • Ten quiz został rozwiązany 102 razy
  • Średni wynik to 9 z 15
Statystyki odpowiedzi
Zagadnienie Odpowiedź % Poprawnych
Białystok Podlasie
96%
Bydgoszcz Kujawy
86%
Olsztyn Warmia
86%
Zgorzelec Łużyce
82%
Płock Mazowsze
77%
Zakopane Małopolska
67%
Sosnowiec Małopolska
60%
Rzeszów Ruś Czerwona
59%
Stargard Pomorze
58%
Opole Górny Śląsk
57%
Łódź Ziemia łęczycka
56%
Lublin Małopolska
49%
Gorzów Wielkopolski Nowa Marchia
43%
Zielona Góra Śląsk
42%
Gniezno Ziemia kaliska
15%
Nie znaleziono quizów pasujących do podanych kryteriów
Rozkład punktacji
Procent ludzi z każdym wynikiem
Percentyl według liczby udzielonych odpowiedzi
Twoja historia wyników
Nie rozwiązałeś tego quizu